Toutes les communes de la Somme sur une carte - Statistiques

Statistiques générales
  • Ce quiz a été pris 493 fois
  • Le résultat moyen est 82 sur 772
Réponses sur la Carte
Les réponses sont colorées sur une échelle allant du rouge au vert en fonction du pourcentage des utilisateurs qui les ont devinées à leur premier essai. Vous pouvez retrouver ces pourcentages ci-dessous.
 
Statistiques - réponses
Population Commune % Correct
134 167 Amiens
98%
22 895 Abbeville
90%
9 814 Albert
72%
7 444 Péronne
70%
2 435 Saint-Valery-sur-Somme
69%
1 979 Le Crotoy
64%
618 Long
63%
466 Ville-le-Marclet
62%
261 Ville-sur-Ancre
62%
6 051 Montdidier
57%
5 815 Longueau
54%
5 870 Doullens
53%
1 297 Fort-Mahon-Plage
53%
5 703 Roye
53%
2 778 Ailly-sur-Noye
51%
3 115 Rue
51%
139 Villers-aux-Érables
51%
1 435 Villers-Bocage
51%
4 637 Villers-Bretonneux
51%
139 Villers-Campsart
51%
312 Villers-Carbonnel
51%
554 Villers-Faucon
51%
276 Villers-lès-Roye
51%
181 Villers-sous-Ailly
51%
469 Villers-sur-Authie
51%
154 Villers-Tournelle
51%
1 002 Ailly-le-Haut-Clocher
50%
2 914 Ailly-sur-Somme
50%
4 441 Camon
50%
6 276 Corbie
50%
4 510 Ham
50%
3 623 Rivery
49%
4 011 Salouël
47%
90 Y
46%
1 452 Dury
45%
1 272 Quend
45%
3 335 Boves
44%
2 573 Mers-les-Bains
44%
3 249 Flixecourt
43%
2 411 Cayeux-sur-Mer
41%
2 332 Poix-de-Picardie
41%
122 Cayeux-en-Santerre
40%
1 290 Poulainville
40%
1 383 Ault
39%
838 Glisy
36%
3 996 Moreuil
36%
1 366 Crécy-en-Ponthieu
35%
2 787 Saleux
35%
1 620 Dreuil-lès-Amiens
32%
3 005 Rosières-en-Santerre
32%
4 492 Friville-Escarbotin
31%
2 314 Nesle
31%
1 208 Cagny
30%
773 Daours
30%
2 375 Pont-de-Metz
30%
1 815 Conty
29%
1 355 Saint-Fuscien
29%
1 059 Domart-en-Ponthieu
28%
407 Domart-sur-la-Luce
28%
212 Lamotte-Brebière
28%
348 Lamotte-Buleux
28%
706 Lamotte-Warfusée
28%
281 Saint-Quentin-en-Tourmont
28%
253 La Neuville-lès-Bray
27%
311 La Neuville-Sire-Bernard
27%
1 275 Saint-Quentin-la-Motte-Croix-au-Bailly
27%
2 007 Beauval
26%
173 Blangy-sous-Poix
26%
629 Blangy-Tronville
26%
244 Bray-lès-Mareuil
26%
1 247 Bray-sur-Somme
26%
1 997 Chaulnes
26%
1 072 Naours
26%
774 Allonville
25%
147 Bus-la-Mésière
25%
133 Bus-lès-Artois
25%
344 Estrées-Deniécourt
25%
391 Estrées-lès-Crécy
25%
588 Estrées-Mons
25%
268 Estrées-sur-Noye
25%
1 815 Fouilloy
25%
1 297 Picquigny
25%
1 260 Saint-Riquier
25%
2 331 Airaines
24%
2 461 Gamaches
23%
1 550 Longpré-les-Corps-Saints
23%
242 Noyelles-en-Chaussée
23%
663 Noyelles-sur-Mer
23%
1 262 Méaulte
22%
629 Querrieu
22%
488 Le Hamel
21%
1 213 Sains-en-Amiénois
21%
573 Acheux-en-Amiénois
20%
502 Acheux-en-Vimeu
20%
548 Cappy
20%
52 Fontaine-lès-Cappy
20%
140 Fontaine-le-Sec
20%
105 Fontaine-sous-Montdidier
20%
158 Fontaine-sur-Maye
20%
518 Fontaine-sur-Somme
20%
1 275 Marcelcave
20%
1 137 Oisemont
20%
1 035 Rainneville
20%
1 010 Hangest-en-Santerre
19%
768 Hangest-sur-Somme
19%
1 024 Sailly-Flibeaucourt
19%
329 Sailly-Laurette
19%
350 Sailly-le-Sec
19%
484 Sailly-Saillisel
19%
1 321 Saint-Sauveur
19%
546 Argœuves
18%
408 Bussy-lès-Daours
18%
94 Bussy-lès-Poix
18%
664 La Chaussée-Tirancourt
18%
102 Méricourt-en-Vimeu
18%
604 Méricourt-l'Abbé
18%
149 Neuville-au-Bois
18%
509 Neuville-Coppegueule
18%
633 Ribemont-sur-Ancre
18%
1 067 Saveuse
18%
2 323 Vignacourt
18%
267 Ablaincourt-Pressoir
17%
747 Bertangles
17%
2 466 Feuquières-en-Vimeu
17%
1 460 Pont-Remy
17%
1 074 Talmas
17%
544 Aubigny
16%
373 Bourdon
16%
535 Cerisy
16%
267 Cerisy-Buleux
16%
1 993 Flesselles
16%
718 Moyenneville
16%
1 231 Nouvion
16%
124 Thiepval
16%
1 505 Trois-Rivières
16%
424 Vaux-en-Amiénois
16%
82 Vaux-Marquenneville
16%
295 Vaux-sur-Somme
16%
458 Berteaucourt-lès-Thennes
15%
1 642 Harbonnières
15%
379 Hem-Hardinval
15%
132 Hem-Monacu
15%
1 175 L'Étoile
15%
287 Mesnil-Bruntel
15%
88 Mesnil-Domqueur
15%
117 Mesnil-en-Arrouaise
15%
234 Mesnil-Martinsart
15%
200 Mesnil-Saint-Georges
15%
556 Mesnil-Saint-Nicaise
15%
814 Pont-Noyelles
15%
542 Vecquemont
15%
265 Authie
14%
148 Belloy-en-Santerre
14%
89 Belloy-Saint-Léonard
14%
735 Belloy-sur-Somme
14%
1 054 Bernaville
14%
1 074 Berteaucourt-les-Dames
14%
1 086 Candas
14%
573 Cottenchy
14%
646 Gentelles
14%
436 Heilly
14%
643 Mailly-Maillet
14%
302 Mailly-Raineval
14%
649 Miraumont
14%
561 Mons-Boubert
14%
739 Proyart
14%
1 103 Quevauvillers
14%
1 788 Saint-Ouen
14%
675 Thézy-Glimont
14%
775 Vers-sur-Selle
14%
168 Beaucourt-en-Santerre
13%
88 Beaucourt-sur-l'Ancre
13%
272 Beaucourt-sur-l'Hallue
13%
204 Beaumont-Hamel
13%
279 Cachy
13%
701 Caix
13%
530 Cardonnette
13%
549 Dernancourt
13%
638 Hamelet
13%
485 Saint-Vaast-en-Chaussée
13%
193 Suzanne
13%
539 Bouzincourt
12%
346 Dommartin
12%
718 Dompierre-Becquincourt
12%
427 Dompierre-sur-Authie
12%
201 Flers
12%
507 Flers-sur-Noye
12%
209 Fleury
12%
1 679 Hornoy-le-Bourg
12%
555 Lafresguimont-Saint-Martin
12%
450 Lahoussoye
12%
832 Mareuil-Caubert
12%
369 Morlancourt
12%
265 Pozières
12%
1 575 Roisel
12%
987 Saint-Sauflieu
12%
123 Bresle
11%
598 Caours
11%
525 Démuin
11%
376 Eaucourt-sur-Somme
11%
311 Englebelmer
11%
522 Franvillers
11%
399 Gézaincourt
11%
1 010 Namps-Maisnil
11%
286 Port-le-Grand
11%
582 Thennes
11%
290 Vaire-sous-Corbie
11%
138 Vauchelles-lès-Authie
11%
125 Vauchelles-lès-Domart
11%
835 Vauchelles-les-Quesnoy
11%
528 Aveluy
10%
477 Bacouel-sur-Selle
10%
217 Buire-Courcelles
10%
304 Buire-sur-l'Ancre
10%
166 Chipilly
10%
142 Chuignes
10%
378 Coisy
10%
900 Condé-Folie
10%
346 Contay
10%
525 Épagne-Épagnette
10%
1 766 Eppeville
10%
240 Foucaucourt-en-Santerre
10%
80 Foucaucourt-Hors-Nesle
10%
492 Fricourt
10%
540 Hébécourt
10%
272 Longueval
10%
178 Maricourt
10%
333 Molliens-au-Bois
10%
961 Molliens-Dreuil
10%
816 Plachy-Buyon
10%
606 Ponthoile
10%
493 Revelles
10%
729 Rubempré
10%
347 Saigneville
10%
750 Warloy-Baillon
10%
779 Woignarue
10%
1 224 Woincourt
10%
183 Beaucamps-le-Jeune
9%
1 452 Beaucamps-le-Vieux
9%
1 337 Beauquesne
9%
151 Berny-en-Santerre
9%
241 Bonnay
9%
159 Bouchon
9%
703 Canaples
9%
148 Chuignolles
9%
72 Courcelles-au-Bois
9%
147 Courcelles-sous-Moyencourt
9%
67 Courcelles-sous-Thoix
9%
141 Folleville
9%
465 Grand-Laviers
9%
526 Jumel
9%
788 Le Plessier-Rozainvillers
9%
263 Le Quesne
9%
49 Marché-Allouarde
9%
540 Mézières-en-Santerre
9%
95 Mouflers
9%
433 Ovillers-la-Boisselle
9%
535 Quesnoy-le-Montant
9%
421 Quesnoy-sur-Airaines
9%
352 Rambures
9%
313 Senlis-le-Sec
9%
224 Treux
9%
834 Vron
9%
270 Yzeux
9%
792 Allery
8%
307 Assevillers
8%
596 Athies
8%
161 Authuille
8%
973 Beauchamps
8%
524 Béhen
8%
517 Bellancourt
8%
927 Béthencourt-sur-Mer
8%
128 Béthencourt-sur-Somme
8%
262 Bouchoir
8%
533 Bouillancourt-en-Séry
8%
152 Bouillancourt-la-Bataille
8%
324 Brie
8%
333 Buigny-l'Abbé
8%
397 Buigny-lès-Gamaches
8%
527 Buigny-Saint-Maclou
8%
214 Bussu
8%
774 Cambron
8%
118 Contalmaison
8%
154 Courcelette
8%
193 Creuse
8%
173 Curlu
8%
931 Drucat
8%
98 Fay
8%
678 Fienvillers
8%
311 Forest-l'Abbaye
8%
395 Forest-Montiers
8%
201 Fouencamps
8%
157 Fresnes-Mazancourt
8%
204 Fresnes-Tilloloy
8%
92 Fresnoy-Andainville
8%
230 Fresnoy-au-Val
8%
138 Fresnoy-en-Chaussée
8%
284 Fresnoy-lès-Roye
8%
2 168 Fressenneville
8%
421 Hailles
8%
717 Hérissart
8%
92 Lachapelle
8%
352 Le Titre
8%
359 Liercourt
8%
515 Lucheux
8%
98 Montigny-les-Jongleurs
8%
206 Montigny-sur-l'Hallue
8%
328 Morcourt
8%
486 Morisel
8%
831 Muille-Villette
8%
100 Neuilly-le-Dien
8%
322 Neuilly-l'Hôpital
8%
1 168 Ô-de-Selle
8%
942 Oresmaux
8%
1 049 Pendé
8%
285 Pierregot
8%
170 Remiencourt
8%
383 Saint-Gratien
8%
1 840 Saint-Léger-lès-Domart
8%
167 Seux
8%
226 Yonval
8%
213 Bertrancourt
7%
619 Bettencourt-Saint-Ouen
7%
409 Bougainville
7%
928 Bouttencourt
7%
758 Breilly
7%
589 Chaussoy-Epagny
7%
1 231 Chépy
7%
739 Combles
7%
1 388 Doingt
7%
261 Essertaux
7%
472 Ferrières
7%
455 Framerville-Rainecourt
7%
178 Frise
7%
339 Gauville
7%
177 Grandcourt
7%
178 Gratibus
7%
668 Huchenneville
7%
169 Laviéville
7%
401 Licourt
7%
456 Lihons
7%
297 Louvencourt
7%
576 Méharicourt
7%
594 Miannay
7%
206 Millencourt
7%
352 Millencourt-en-Ponthieu
7%
79 Saint-Léger-lès-Authie
7%
77 Saint-Léger-sur-Bresle
7%
346 Tilloloy
7%
434 Toutencourt
7%
157 Vermandovillers
7%
476 Vismes
7%
283 Andechy
6%
220 Arry
6%
773 Arvillers
6%
77 Aubercourt
6%
222 Baizieux
6%
330 Bayonvillers
6%
155 Bécordel-Bécourt
6%
317 Béhencourt
6%
222 Bettencourt-Rivière
6%
474 Boismont
6%
337 Bonneville
6%
490 Bouquemaison
6%
422 Bovelles
6%
44 Breuil
6%
293 Carnoy-Mametz
6%
523 Cléry-sur-Somme
6%
449 Croixrault
6%
233 Damery
6%
566 Davenescourt
6%
1 125 Épehy
6%
189 Erches
6%
593 Étinehem-Méricourt
6%
278 Famechon
6%
171 Faverolles
6%
457 Favières
6%
340 Fieffes-Montrelet
6%
333 Fluy
6%
174 Forceville
6%
237 Forceville-en-Vimeu
6%
259 Fréchencourt
6%
323 Grattepanche
6%
275 Guerbigny
6%
400 Guillaucourt
6%
138 Guizancourt
6%
1 295 Hallencourt
6%
111 Hédauville
6%
193 Hénencourt
6%
745 Huppy
6%
715 Hypercourt
6%
238 La Faloise
6%
246 La Vicogne
6%
118 Machy
6%
284 Maison-Ponthieu
6%
100 Maison-Roland
6%
592 Marchélepot-Misery
6%
127 Mirvaux
6%
593 Monchy-Lagache
6%
323 Moyencourt
6%
177 Moyencourt-lès-Poix
6%
255 Nampont
6%
289 Nampty
6%
844 Nibas
6%
196 Pargny
6%
724 Pernois
6%
291 Pissy
6%
328 Prouville
6%
562 Prouzel
6%
556 Puchevillers
6%
289 Puzeaux
6%
231 Ribeaucourt
6%
178 Riencourt
6%
768 Rollot
6%
644 Rumigny
6%
429 Saint-Christ-Briost
6%
349 Sourdon
6%
191 Soyécourt
6%
321 Terramesnil
6%
806 Tours-en-Vimeu
6%
218 Varennes
6%
221 Warlus
6%
264 Wiencourt-l'Équipée
6%
305 Yvrench
6%
81 Agenville
5%
153 Arquèves
5%
828 Arrest
5%
114 Assainvillers
5%
136 Auchonvillers
5%
123 Autheux
5%
64 Avesnes-Chaussoy
5%
77 Bazentin
5%
240 Bernay-en-Ponthieu
5%
263 Berneuil
5%
384 Biaches
5%
335 Briquemesnil-Floxicourt
5%
103 Brocourt
5%
297 Bussus-Bussuel
5%
208 Cahon
5%
187 Camps-en-Amiénois
5%
334 Canchy
5%
144 Contre
5%
351 Crouy-Saint-Pierre
5%
1 184 Dargnies
5%
310 Domqueur
5%
348 Domvast
5%
85 Éclusier-Vaux
5%
347 Éplessier
5%
287 Équennes-Éramecourt
5%
761 Ercheu
5%
150 Fignières
5%
403 Guignemicourt
5%
142 Guyencourt-Saulcourt
5%
176 Guyencourt-sur-Noye
5%
330 Halloy-lès-Pernois
5%
122 Hangard
5%
175 Harponville
5%
574 Hautvillers-Ouville
5%
377 Havernas
5%
1 158 Hombleux
5%
920 Lanchères
5%
333 Le Boisle
5%
145 Lignières
5%
343 Lignières-Châtelain
5%
152 Machiel
5%
495 Matigny
5%
214 Montauban-de-Picardie
5%
365 Nurlu
5%
123 Pys
5%
271 Raincheval
5%
276 Ramburelles
5%
191 Rancourt
5%
343 Rethonvillers
5%
210 Saint-Germain-sur-Bresle
5%
395 Saint-Maxent
5%
627 Senarpont
5%
56 Tailly
5%
106 Vadencourt
5%
54 Villecourt
5%
137 Vraignes-en-Vermandois
5%
96 Vraignes-lès-Hornoy
5%
452 Vrély
5%
263 Agenvillers
4%
430 Allaines
4%
267 Andainville
4%
329 Argoules
4%
159 Aubvillers
4%
147 Aumont
4%
406 Authieule
4%
54 Avelesges
4%
155 Ayencourt
4%
253 Bailleul
4%
232 Barleux
4%
191 Beaufort-en-Santerre
4%
220 Beaumetz
4%
129 Becquigny
4%
310 Belleuse
4%
863 Beuvraignes
4%
71 Boisbergues
4%
341 Bosquel
4%
708 Bourseville
4%
86 Boussicourt
4%
216 Braches
4%
230 Brailly-Cornehotte
4%
139 Brucamps
4%
204 Brutelles
4%
110 Cantigny
4%
704 Cartigny
4%
222 Caulières
4%
100 Cavillon
4%
170 Chilly
4%
145 Chirmont
4%
379 Clairy-Saulchoix
4%
219 Cocquerel
4%
222 Conteville
4%
216 Coulonvillers
4%
303 Cramont
4%
137 Crémery
4%
124 Cressy-Omencourt
4%
269 Croix-Moligneaux
4%
154 Dancourt-Popincourt
4%
55 Devise
4%
173 Dominois
4%
303 Domléger-Longvillers
4%
251 Douilly
4%
86 Dromesnil
4%
269 Ennemain
4%
6 Épécamps
4%
173 Ergnies
4%
513 Érondelle
4%
239 Estrébœuf
4%
354 Ételfay
4%
162 Éterpigny
4%
159 Falvy
4%
280 Fins
4%
98 Fossemanant
4%
152 Fouquescourt
4%
519 Franleu
4%
697 Friaucourt
4%
183 Fricamps
4%
94 Froyelles
4%
122 Frucourt
4%
238 Gorenflos
4%
38 Gorges
4%
572 Grouches-Luchuel
4%
311 Gruny
4%
371 Gueschart
4%
85 Hardecourt-aux-Bois
4%
296 Hattencourt
4%
191 Herbécourt
4%
525 Hescamps
4%
152 Hiermont
4%
65 Ignaucourt
4%
126 Irles
4%
66 Lamaronde
4%
190 Laucourt
4%
163 Léalvillers
4%
778 Le Quesnel
4%
248 Le Translay
4%
387 Liomer
4%
186 Maizicourt
4%
132 Marieux
4%
146 Marlers
4%
188 Maucourt
4%
215 Maurepas
4%
9 Méréaucourt
4%
183 Mézerolles
4%
83 Montonvillers
4%
345 Morchain
4%
83 Neslette
4%
130 Occoches
4%
204 Offoy
4%
209 Oissy
4%
424 Oneux
4%
315 Outrebois
4%
233 Parvillers-le-Quesnoy
4%
110 Potte
4%
153 Roiglise
4%
310 Rouvrel
4%
213 Rouvroy-en-Santerre
4%
102 Rouy-le-Grand
4%
108 Rouy-le-Petit
4%
34 Saint-Acheul
4%
218 Saint-Aubin-Montenoy
4%
113 Saint-Aubin-Rivière
4%
265 Sancourt
4%
161 Sorel
4%
217 Sorel-en-Vimeu
4%
145 Tertry
4%
394 Thieulloy-l'Abbaye
4%
145 Thieulloy-la-Ville
4%
64 Thièvres
4%
144 Thoix
4%
370 Tilloy-Floriville
4%
299 Tœufles
4%
540 Tully
4%
30 Ugny-l'Équipée
4%
626 Valines
4%
501 Vironchaux
4%
586 Voyennes
4%
83 Wargnies
4%
245 Yaucourt-Bussus
4%
124 Yvrencheux
4%
512 Yzengremer
4%
899 Aigneville
3%
57 Aizecourt-le-Bas
3%
65 Aizecourt-le-Haut
3%
249 Allenay
3%
30 Arguel
3%
30 Armancourt
3%
69 Balâtre
3%
105 Béalcourt
3%
138 Bergicourt
3%
37 Bernâtre
3%
355 Bernes
3%
107 Bettembos
3%
63 Biarre
3%
171 Billancourt
3%
284 Bouchavesnes-Bergen
3%
118 Boufflers
3%
833 Bouvaincourt-sur-Bresle
3%
144 Bouvincourt-en-Vermandois
3%
81 Brassy
3%
110 Brévillers
3%
491 Brouchy
3%
52 Buverchy
3%
267 Carrépuis
3%
285 Champien
3%
247 Citerne
3%
87 Colincamps
3%
314 Coullemelle
3%
99 Courtemanche
3%
303 Curchy
3%
43 Domesmont
3%
112 Épaumesnil
3%
124 Épénancourt
3%
297 Équancourt
3%
122 Ercourt
3%
730 Esmery-Hallon
3%
133 Étalon
3%
157 Folies
3%
171 Fonches-Fonchette
3%
200 Fourcigny
3%
393 Fourdrinoy
3%
167 Framicourt
3%
164 Franqueville
3%
183 Fransu
3%
160 Frémontiers
3%
101 Fresneville
3%
73 Frettecuisse
3%
300 Frettemeule
3%
68 Ginchy
3%
411 Grivesnes
3%
90 Grivillers
3%
126 Guillemont
3%
139 Hallivillers
3%
148 Hallu
3%
193 Herleville
3%
508 Heudicourt
3%
163 Heuzecourt
3%
140 Laboissière-en-Santerre
3%
72 La Chavatte
3%
104 Laleu
3%
132 Lanches-Saint-Hilaire
3%
160 Lawarde-Mauger-l'Hortoy
3%
48 L'Échelle-Saint-Aurin
3%
153 Le Meillard
3%
168 Lesbœufs
3%
292 Liancourt-Fosse
3%
221 Ligescourt
3%
113 Lignières-en-Vimeu
3%
140 Limeux
3%
199 Louvrechy
3%
194 Marquivillers
3%
427 Martainneville
3%
179 Meigneux
3%
1 129 Moislains
3%
142 Montagne-Fayel
3%
389 Morvillers-Saint-Saturnin
3%
359 Neufmoulin
3%
618 Oust-Marest
3%
373 Piennes-Onvillers
3%
83 Punchy
3%
122 Regnière-Écluse
3%
133 Remaugies
3%
132 Rogy
3%
133 Rubescourt
3%
878 Saint-Blimont
3%
51 Sainte-Segrée
3%
156 Saint-Mard
3%
244 Saisseval
3%
76 Saulchoy-sous-Poix
3%
182 Sauvillers-Mongival
3%
69 Surcamps
3%
135 Templeux-la-Fosse
3%
192 Templeux-le-Guérard
3%
208 Thory
3%
343 Tincourt-Boucly
3%
411 Vaudricourt
3%
220 Vauvillers
3%
96 Vercourt
3%
139 Warsy
3%
126 Warvillers
3%
60 Woirel
3%
172 Aumâtre
2%
164 Barly
2%
93 Bavelincourt
2%
76 Bayencourt
2%
209 Bermesnil
2%
137 Biencourt
2%
64 Cannessières
2%
29 Cizancourt
2%
49 Coigneux
2%
359 Doudelainville
2%
85 Driencourt
2%
563 Embreville
2%
164 Esclainvillers
2%
40 Étréjust
2%
528 Étricourt-Manancourt
2%
130 Fescamps
2%
156 Feuillères
2%
291 Flaucourt
2%
178 Francières
2%
159 Fransart
2%
132 Fransures
2%
237 Frohen-sur-Authie
2%
278 Gapennes
2%
93 Goyencourt
2%
210 Grébault-Mesnil
2%
92 Gueudecourt
2%
89 Hancourt
2%
43 Herly
2%
192 Hervilly
2%
57 Hesbécourt
2%
109 Heucourt-Croquoison
2%
266 Humbercourt
2%
113 Inval-Boiron
2%
194 Languevoisin-Quiquery
2%
76 Le Cardonnois
2%
107 Le Mazis
2%
153 Le Mesge
2%
77 Longavesnes
2%
75 Longuevillette
2%
513 Maisnières
2%
76 Malpart
2%
110 Marestmontiers
2%
191 Marquaix
2%
302 Méneslies
2%
192 Mérélessart
2%
117 Métigny
2%
219 Monsures
2%
162 Nesle-l'Hôpital
2%
218 Neuvillette
2%
329 Ochancourt
2%
83 Offignies
2%
107 Pœuilly
2%
98 Ponches-Estruval
2%
317 Quiry-le-Sec
2%
143 Quivières
2%
31 Remaisnil
2%
586 Ronssoy
2%
272 Saint-Maulvis
2%
208 Sentelie
2%
126 Soues
2%
146 Velennes
2%
175 Vergies
2%
168 Verpillières
2%
178 Villeroy
2%
135 Vitz-sur-Authie
2%
215 Liéramont
1%
78 Mouflières
1%
112 Wiry-au-Mont
1%
Aucun quiz correspondant
Distribution des résultats
% des personnes avec chaque résultat
Percentile par nombre de réponses
Votre historique - résultats
Vous n’avez pas pris ce quiz